| 000 | 00720nam a22002177a 4500 | ||
|---|---|---|---|
| 003 | OSt | ||
| 005 | 20151015135357.0 | ||
| 008 | 130312t xxu||||| |||| 00| 0 eng d | ||
| 020 | _a1570718458 | ||
| 050 |
_aDD 256.7 _b.L43 2004 |
||
| 082 |
_aIB 943.086 _bL49 2004 |
||
| 100 | _aLeBor, Adam. | ||
| 245 |
_aSeduced by Hitler : _bthe choices of a nation and the ethics of survival / _cAdam LeBor. |
||
| 260 |
_aNaperville, Ill. : _bSourcebooks, _c2004. |
||
| 300 |
_axi, 356 p. : _bill. ; _c24 cm. |
||
| 650 |
_aGermany _xPolitics and government _x1933-1945 |
||
| 650 |
_aNational socialism _xMoral and ethical aspects |
||
| 650 |
_aInformers _xHistory _x20th century _xGermany |
||
| 942 |
_2lcc _cBK |
||
| 999 |
_c2375 _d2375 |
||